000 01081cam a2200253 4500
001 ABS64423
008 010828n2001 000 0 eng u
035 _a(Sirsi) u114346
100 _aWood, C.
245 _aImpact of sea change
260 _c2001
490 _aPlanning (for the Natural and Built Environment)
_v(1431) 10 August 2001, 13(1)
520 _aHighlights the new rules on environmental assessment of plans and programme under the European directive on strategic environmental assessment (SEA) which is now in force: government now has until 21 July 2004 to implement its provisions. Examines the effect SEA will have on planning and the approach to sustainable development practice in the UK.
590 _aABS
650 _aPLANNING PROCEDURE
650 _aPLANNING GUIDANCE
650 _aENVIRONMENTAL ASSESSMENT
650 _aEUROPEAN DIRECTIVES
650 _aSTRATEGIC ENVIRONMENTAL ASSESSMENT
650 _aENVIRONMENTAL ISSUES
690 _aENVIRONMENTAL AND LAND CONSULTANCY-PLANNING AND DEVELOPMENT
700 _aTomlinson, P
942 _n0
999 _c68092
_d68092